Normale Ansicht MARC-Ansicht ISBD

Agentur für Arbeit und Uni kooperieren. (Titelsatznr. 370942)

[ MARC ]
MARC-Details
000 -Satzkennung
Kontrollfeld mit fester Länge 00794nam a22002177a 4500
008 - Feld mit fester Länge zur physischen Beschreibung - Allgemeine Angaben
Kontrollfeld mit fester Länge 201130b ||||| |||| 00| 0 eng d
040 ## - Katalogisierungsquelle
Katalogisierungssprache ger
Übertragungsstelle DE-2950
Beschreibungsfestlegungen rda
Original-Katalogisierungsstelle DE-2950
041 ## - Sprachcode
Sprachcode des Textes/der Tonspur oder des separaten Titels ger
245 ## - Titel
Haupttitel Agentur für Arbeit und Uni kooperieren.
Titelzusatz Zusammenarbeit: Die Arbeitsagentur hat Stellen für Akademiker, die Viadrina sucht Studieninteressenten./
Verantwortlichkeitsangabe red/nmw.
264 ## - Veröffentlichungsangabe, Vertriebsangabe, Herstellungsangabe
Erscheinungs-, Vertriebs-, Herstellungsdatum 2021
653 ## - Lokales Schlagwort
Nicht-normierter Term Frankfurt (Oder)
653 ## - Lokales Schlagwort
Nicht-normierter Term Agentur für Arbeit
653 ## - Lokales Schlagwort
Nicht-normierter Term Europa-Universität Viadrina
653 ## - Lokales Schlagwort
Nicht-normierter Term Kooperation
653 ## - Lokales Schlagwort
Nicht-normierter Term Arbeitsmarkt
773 ## - Übergeordnete Einheit
Ort, Verlag und Erscheinungsjahr Frankfurt (Oder): Märkisches Verlags- und Druckhaus GmbH & Co KG
Verknüpfungsangaben 32. Jahrgang (2021) Nr. 238 vom 12.10.2021, S. 13
Titel Märkische Oderzeitung
942 ## - Zusätzliche Felder (Koha)
Koha-Medientyp Aufsätze
Exemplare
Ausgeschieden Verloren Beschädigt Nicht entleihbar Permanenter Standort Aktueller Standort Aufstellungsort Eingabedatum Anzahl Ausleihen Signatur Letzte Aktivität Preis gültig von Medientyp
        Stadtarchiv Frankfurt (Oder) | Archivbibliothek Stadtarchiv Frankfurt (Oder) | Archivbibliothek Magazin 12/10/2021   Z2 12/10/2021 12/10/2021 Aufsätze